00572nai a2200157Ia 4500003000900000008004100009022002200050022002300072040001600095245006300111260005800174310001400232362002500246521006900271856007400340IN-BaIIA211028c9999 xx s 000 0 eng d a1661-7738 (Print) a1661-7746 (Online) cIIA Library 0aJournal of Fixed Point Theory and Applicationsh[eJournal] aBasel, SwitzerlandbSpringer International Publishing aQuarterly a1(1); 2007 - Present bSubscribed through National Knowledge Resource Consortium (NKRC) uhttps://www.springer.com/journal/11784yClick Here to Access eJournal